000
00314nam a22001337a 4500
020
_q
HB.
040
_c
FIZZA ISHAQ
082
_a
624.171
_b
ALI
100
_a
KAVEH,ALI.
_9
90703
245
_a
OPTIMAL STRUCTURAL ANALYSIS /
_c
ALI KAVEH.
260
_a
LTD PRESS ;
_c
1997 P. ;
300
_a
549 P. ;
942
_2
ddc
_c
BK
999
_c
588913
_d
588913